Essays and literary studies.

Saved in:
Bibliographic Details
Main Author: Leacock, Stephen, 1869-1944
Format: Book
Language:English
Published: 5th ed.Lond. : Lane, 1919.
LEADER 00650nam a22001811 4500
001 c000205686
003 CARM
005 20021125002000.0
008 851211s1919 enk 0 eng d
019 1 |a 4161681  |5 LACONCORD2021 
035 |a (OCoLC)219717853  |5 LACONCORD2021 
100 1 |a Leacock, Stephen,  |d 1869-1944. 
245 1 0 |a Essays and literary studies. 
260 |a 5th ed.Lond. :  |b Lane,  |c 1919. 
852 8 |b CARM  |h A2:AP21A0  |i B06683  |p 0307564  |f BK 
082 0 4 |a 814.5 
999 f f |i f7f8f3b2-20ca-5d1f-8c14-5aaecd2573f5  |s 7fe926b5-efc2-5cdd-97a3-271640b62c7a 
952 f f |p Can circulate  |a CAVAL  |b CAVAL  |c CAVAL  |d CARM 1 Store  |e B06683  |f A2:AP21A0  |h Other scheme  |i book  |m 0307564